LEADER 00740nam a2200181 i 4500 001 000000078535 003 CaOOAMICUS 005 20170209000000.0 008 170209s1820 it u000 u ita u 013 $a50772 026 $aiano i,o- g.II Ersb (3) 1820 (A) 040 $aSeMil$bita 245 10$aTomo 1. 300 $aXI, [1], 428, [2] p., [6] c. di tav. di cui [1] ripieg. :$bill. calcogr. 773 0 $aRosmini, Carlo : de' <1758-1827>$tDell'istoria di Milano del cavaliere Carlo de' Rosmini roveretano. Tomo 1. [-4.].$dMilano : Dalla Tipografia Manini e Rivolta, 1820.$g1$w()25820 850 $aSeMil 852 $aSeMil$W1$xVenegono$y1$m3O V 3 FA$j44443$B44443$CSeMilBibl$Z2$F46131 $8I 996 $6245$aTomo 1$9(OLS)http://semarc/title/46685 LEADER 01145nam a2200229 i 4500 001 000000099035 003 CaOOAMICUS 005 20220608154346.0 008 171026s1855 it u000 u ita u 040 $aSeMil$bita 245 00$aSui due santi martiri milanesi scoperti nel 1845 presso la Basilica di S. Nazaro in Milano :$bdissertazioni ed atti canonici. 250 $a2. Ed. 264 1$aMilano :$bDitta Boniardi-Pogliani di Ermenegildo Besozzi,$c1855. 300 $a82 p. :$bill. ;$c30 cm. 600 04$aNazario .$0(OLS)http://semarc/subject/30813 650 4$aMilano - Chiese - San Nazaro in Brolo .$0(OLS)http://semarc/subject/44915 850 $aSeMil 852 $aSeMil$W1$xVenegono$y1$m3O VI 38 FA$j56689$B56689$CSeMilBibl$Z2$F66546 $8I 961 $aRecupero: Seminario di Seveso 996 $6245$aSui due santi martiri milanesi scoperti nel 1845 presso la Basilica di S. Nazaro in Milano :$bdissertazioni ed atti canonici$9(OLS)http://semarc/title/406414 996 $6264$aMilano :$bDitta Boniardi-Pogliani di Ermenegildo Besozzi$9(OLS)http://semarc/publisher/33999